| 000 | 00570nam a22001697a 4500 | ||
|---|---|---|---|
| 999 |
_c60666 _d60666 |
||
| 005 | 20231004163150.0 | ||
| 008 | 231004s1988 enk||||| |||| 00| 0 eng d | ||
| 020 | _a0859892042 | ||
| 041 | _aeng | ||
| 080 | _a94(37) The-44 | ||
| 245 |
_aThe Administration Of The Roman Empire: 241 BC-AD 193 / _cEdited by David Braund. |
||
| 264 |
_aExeter, _c1988. |
||
| 300 |
_a109 p.: _bill. ; _c21 cm. |
||
| 653 | _aრომის იმპერიის ადმინისტრაცია | ||
| 700 |
_aBraund, David _eრედაქტორი _919638 |
||
| 942 |
_2udc _cBK |
||